00224 a2200109 4500001000700000020000600007040001100013100002000024240003300044245002800077362000900105170379 a  cMagnum aAshworth, Julie10aThe hunt for goldilockslING10aThe hunt for goldilocks0 a1899